Statistics for Gulf of Guinea Countries

Click here to take the quiz!

General Stats

  • This quiz has been taken 55 times
    (16 since last reset)
  • The average score is 10 of 10

Answer Stats

Country% Correct
Benin
100%
Cameroon
100%
Equatorial Guinea
100%
Gabon
100%
Ghana
100%
Liberia
100%
Togo
100%
Côte d’Ivoire
92%
Nigeria
92%
Sao Tome and Principe
83%

Score Distribution

Percentile by Number Answered

Percent of People with Each Score

Your Score History

You have not taken this quiz since the last reset